00503 2200181 4500001002100000005001500021035002000036245008500056100001600141250001700157300003300174700001600207260003100223082001000254084001600264020002200280650001900302INLIS00000000000111720250716111057 a0010-07250000231 aPendalaman Buku Teks :bMatematika 3 SD/MI Kelas III /cMasykur Ali, Ria Adriana0 aMasykur Ali aCetakan ke-1 aii, 126 hlm :bIlus ;c30 cm0 aRia Adriana aBogor :bYudhistira,c2019 a618.2 a618.2 MAS p a978-602-445-756-3 4aBuku pelajaran